000
00250nam a2200109Ia 4500
008
190216s9999||||xx |||||||||||||| ||und||
100
_a
Simonov
245
0
_a
Thala Chorine Viswasikamo
260
_b
Bhasha Institute
650
_a
Zoology
942
_c
BK
999
_c
38044
_d
38044